00777cam a2200229 a 450000100060000000300080000600500170001400800390003102000150007003500190008504000320010404100080013608200220014410000220016624500520018826000520024030000560029250000620034850400530041065000260046370000580048910289BD-RjUL20211208234929.0140123s1985 nyuaf b 001 0 eng a0070327602 a(BD-RjUL)10337 aDLCcDLCdDLCdBD-RjULbeng aeng00a546219bJOM 19891 aJolly, William L.10aModern inorganic chemistry /cWilliam L. Jolly. aNew York :bMcGraw-Hill,cc1985 [Reprint 1989]. axiv, 610 p., [2] leaves of plates :bill. ;c24 cm. aRev. ed. of: The principles of inorganic chemistry. 1976. aIncludes bibliographical references and indexes. 0aChemistry, Inorganic.1 aJolly, William L.tPrinciples of inorganic chemistry.